[Event "EU-ch Online U2300 Final"]
[Site "Chess.com INT"]
[Date "2020.05.26"]
[Round "4"]
[White "Ivanisvili, Andrejs"]
[Black "Khachatryan, Anna"]
[Result "1-0"]
[WhiteElo "2233"]
[BlackElo "2071"]
[PlyCount "71"]
[EventDate "2020.05.26"]
[EventType "swiss"]
[EventRounds "8"]
[EventCountry "NET"]
[SourceTitle "CBM 196 Extra"]
[Source "ChessBase"]
[SourceDate "2020.07.31"]
[SourceVersion "1"]
[SourceVersionDate "2020.07.31"]
[SourceQuality "1"]

1. d4 Nf6 2. Nf3 g6 3. c4 c5 4. e3 Bg7 5. Nc3 0-0 6. Bd3 cxd4 7. exd4 d5 8. cxd5 Nxd5 9. h3 Nc6 10. Be4 Be6 11. 0-0 Nxc3 12. bxc3 Bd5 13. Bxd5 Qxd5 14. Qb3 Qd7 15. Qb5 a6 16. Qb6 e5 17. Rb1 exd4 18. cxd4 Nxd4 19. Nxd4 Bxd4 20. Qxb7 Qf5 21. Be3 Bxe3 22. fxe3 Qe6 23. Qb3 Qe5 24. Rf3 Rab8 25. Qc2 Rxb1+ 26. Qxb1 Rb8 27. Qd3 a5 28. Rf2 Kg7 29. Rd2 Rb4 30. Rf2 h5 31. Re2 Re4 32. Qb3 Rb4 33. Qd3 h4 34. Rf2 Rb5 35. Rd2 Rd5 36. Qxd5 1-0

[Event "EU-ch Online U2300 Qual"]
[Site "Chess.com INT"]
[Date "2020.05.25"]
[Round "3"]
[White "Acikel, Mert"]
[Black "Ivanisvili, Andrejs"]
[Result "0-1"]
[WhiteElo "2149"]
[BlackElo "2233"]
[PlyCount "50"]
[EventDate "2020.05.25"]
[EventType "swiss"]
[EventRounds "8"]
[EventCountry "NET"]
[SourceTitle "EXT 2021"]
[Source "ChessBase"]
[SourceDate "2020.10.23"]
[SourceVersion "1"]
[SourceVersionDate "2020.10.23"]
[SourceQuality "1"]

1. e4 c6 2. d4 d5 3. Nc3 dxe4 4. Nxe4 Nf6 5. Nxf6+ exf6 6. c3 g6 7. Bd3 Bg7 8. Qc2 0-0 9. Ne2 f5 10. h4 h5 11. Bg5 Bf6 12. Bxf6 Qxf6 13. 0-0-0 a5 14. f3 a4 15. Kb1 a3 16. b3 b5 17. g4 fxg4 18. fxg4 Bxg4 19. Rhf1 Qd6 20. Rde1 b4 21. Nf4 Nd7 22. c4 Qxd4 23. Re4 Qd6 24. Rfe1 Nc5 25. Nxg6 fxg6 0-1

[Event "LAT-EST m"]
[Site "Riga"]
[Date "2002.08.31"]
[Round "?"]
[White "Sarv, Arvo"]
[Black "Ivanisvili, Andrejs"]
[Result "0-1"]
[WhiteElo "2103"]
[BlackElo "2216"]
[PlyCount "80"]
[EventDate "2002.08.31"]
[EventType "team"]
[EventRounds "1"]
[EventCountry "LAT"]
[SourceTitle "CBM 090 Extra"]
[Source "ChessBase"]
[SourceDate "2002.11.07"]
[SourceVersion "1"]
[SourceVersionDate "2002.11.07"]
[SourceQuality "1"]

1. e4 c6 2. d4 d5 3. exd5 cxd5 4. Bd3 Nc6 5. c3 g6 6. Nf3 Bg7 7. Nbd2 Nh6 8. 0-0 0-0 9. Re1 Qc7 10. Nf1 Nf5 11. Ng3 Nxg3 12. hxg3 Bg4 13. Bf4 Qd7 14. Qb3 Rfe8 15. Ne5 Nxe5 16. Bxe5 a6 17. Bxg7 Kxg7 18. Re3 Rac8 19. Rae1 Rc6 20. Re5 Re6 21. R1e3 Rxe5 22. Rxe5 Be6 23. Be2 b5 24. Bf3 f6 25. Re1 Bf7 26. Qa3 Qb7 27. Qc5 e5 28. Bd1 e4 29. Bb3 a5 30. a3 Rb8 31. Qd6 Ra8 32. f3 Re8 33. g4 h6 34. Kf2 Re7 35. Qd8 Rc7 36. fxe4 dxe4 37. Bxf7 Rxf7 38. Qxa5 f5 39. gxf5 Qe7 40. Qxb5 Rxf5+ 0-1

[Event "Plunge op"]
[Site "Plateliai"]
[Date "1999.??.??"]
[Round "5"]
[White "Ivanisvili, Andrejs"]
[Black "Abromaitis, Marius"]
[Result "1-0"]
[WhiteElo "2258"]
[BlackElo "2080"]
[PlyCount "77"]
[EventDate "1999.07.13"]
[EventType "swiss"]
[EventRounds "9"]
[EventCountry "LTU"]
[SourceTitle "EXT 2005"]
[Source "ChessBase"]
[SourceDate "2004.11.15"]
[SourceVersion "1"]
[SourceVersionDate "2004.11.15"]
[SourceQuality "1"]

1. d4 g6 2. c4 Bg7 3. Nc3 d6 4. e4 c5 5. d5 Nf6 6. h3 0-0 7. Bg5 Na6 8. Nf3 Bd7 9. Be2 Rb8 10. 0-0 Nc7 11. a4 b6 12. Qd2 a6 13. Bh6 b5 14. Bxg7 Kxg7 15. axb5 axb5 16. e5 Nfe8 17. b3 bxc4 18. bxc4 Rb6 19. Rfb1 Na6 20. Rxb6 Qxb6 21. Rb1 Nb4 22. e6 fxe6 23. dxe6 Bxe6 24. Qe3 Nc7 25. Ng5 Bf7 26. Qxe7 d5 27. Qe5+ Kg8 28. Nxf7 Rxf7 29. cxd5 Qf6 30. Qxf6 Rxf6 31. Ne4 Rf4 32. d6 Ne6 33. f3 Nc6 34. Bc4 Ncd8 35. Rb8 Kg7 36. d7 Rf8 37. Bxe6 Nxe6 38. Re8 c4 39. Rxe6 1-0

[Event "Plunge op"]
[Site "Plateliai"]
[Date "1999.??.??"]
[Round "3"]
[White "Ivanisvili, Andrejs"]
[Black "Sulikiene, Kristina"]
[Result "1-0"]
[WhiteElo "2258"]
[BlackElo "2002"]
[PlyCount "125"]
[EventDate "1999.07.13"]
[EventType "swiss"]
[EventRounds "9"]
[EventCountry "LTU"]
[SourceTitle "EXT 2005"]
[Source "ChessBase"]
[SourceDate "2004.11.15"]
[SourceVersion "1"]
[SourceVersionDate "2004.11.15"]
[SourceQuality "1"]

1. d4 Nf6 2. c4 e6 3. Nf3 b6 4. g3 Bb7 5. Bg2 Bb4+ 6. Bd2 Bxd2+ 7. Qxd2 Ne4 8. Qc2 f5 9. 0-0 0-0 10. Nc3 d6 11. Nd2 Nc6 12. Ndxe4 fxe4 13. Qxe4 Qf6 14. Rad1 Nd8 15. Qd3 Bxg2 16. Kxg2 Nc6 17. f4 a5 18. e4 h5 19. e5 Qh6 20. Qe4 Ne7 21. exd6 cxd6 22. Rde1 Rac8 23. Qxe6+ Qxe6 24. Rxe6 Nf5 25. b3 Rf6 26. Rxf6 gxf6 27. Re1 Nxd4 28. Nd5 Kf7 29. Nxb6 Rc6 30. Na4 d5 31. c5 Nf5 32. Re2 Nd4 33. Rd2 Nf5 34. Kf3 Ke6 35. h3 Ne7 36. g4 h4 37. f5+ Kf7 38. Kf4 Rc8 39. Re2 d4 40. Re6 Rc7 41. Rd6 Nc6 42. g5 fxg5+ 43. Kxg5 Ne5 44. Kxh4 d3 45. Kg3 Re7 46. Kf4 Kg8 47. Rd5 Nc6 48. Rxd3 Nb4 49. Rd2 Re1 50. a3 Nc6 51. Rd6 Rf1+ 52. Ke4 Ne7 53. f6 Re1+ 54. Kd3 Nf5 55. Ra6 Re3+ 56. Kc4 Rxh3 57. Rxa5 Kf7 58. c6 Nd6+ 59. Kc5 Nc8 60. Ra8 Rh5+ 61. Kb4 Kxf6 62. c7 Rh4+ 63. Kc5 1-0